Tribhuvan University Central Library

A textbook of Econometrics (Record no. 109621)

MARC details
000 -LEADER
fixed length control field 00319nam a22001217a 4500
008 - FIXED-LENGTH DATA ELEMENTS--GENERAL INFORMATION
fixed length control field 230612b |||||||| |||| 00| 0 eng d
082 ## - DEWEY DECIMAL CLASSIFICATION NUMBER
Classification number 330.18/K672t
100 ## - MAIN ENTRY--PERSONAL NAME
Personal name Klein, Lawrence R.
245 ## - TITLE STATEMENT
Title A textbook of Econometrics
260 ## - PUBLICATION, DISTRIBUTION, ETC.
Place of publication, distribution, etc. New Delhi:
Name of publisher, distributor, etc. Prentice Hall,
Date of publication, distribution, etc. 1975.
650 ## - SUBJECT ADDED ENTRY--TOPICAL TERM
Topical term or geographic name entry element Economics
942 ## - ADDED ENTRY ELEMENTS (KOHA)
Source of classification or shelving scheme Dewey Decimal Classification
Koha item type General Collections
Holdings
Withdrawn status Lost status Source of classification or shelving scheme Damaged status Not for loan Home library Current library Date acquired Total Checkouts Full call number Barcode Date last seen Date last checked out Price effective from Koha item type
    Dewey Decimal Classification     Tribhuvan University Central Library Tribhuvan University Central Library 06/12/2023 1 330.18/K672t 63787 08/04/2023 06/12/2023 06/12/2023 General Collections